<?xml version="1.0" encoding="UTF-8"?>
<record
    xmlns:xsi="http://www.w3.org/2001/XMLSchema-instance"
    xsi:schemaLocation="http://www.loc.gov/MARC21/slim http://www.loc.gov/standards/marcxml/schema/MARC21slim.xsd"
    xmlns="http://www.loc.gov/MARC21/slim">

  <leader>01005nam a2200289 a 4500</leader>
  <datafield tag="999" ind1=" " ind2=" ">
    <subfield code="c">7720</subfield>
    <subfield code="d">7720</subfield>
  </datafield>
  <controlfield tag="001">991010580069706706</controlfield>
  <controlfield tag="003">OSt</controlfield>
  <controlfield tag="005">20230419123552.0</controlfield>
  <controlfield tag="008">940919s1994    sp ||||||    |00| ||spa|c</controlfield>
  <datafield tag="020" ind1=" " ind2=" ">
    <subfield code="a">8488817045</subfield>
  </datafield>
  <datafield tag="035" ind1=" " ind2=" ">
    <subfield code="a">(ES-BaCBU).b12531716</subfield>
  </datafield>
  <datafield tag="035" ind1=" " ind2=" ">
    <subfield code="a">(OCoLC)803246923</subfield>
  </datafield>
  <datafield tag="040" ind1=" " ind2=" ">
    <subfield code="a">ES-BaCBU</subfield>
    <subfield code="b">cat</subfield>
    <subfield code="c">CDMR</subfield>
  </datafield>
  <datafield tag="080" ind1=" " ind2=" ">
    <subfield code="a">301.153:008(=927)</subfield>
  </datafield>
  <datafield tag="245" ind1="0" ind2="3">
    <subfield code="a">El Mundo &#xC1;rabe y su imagen en los medios /</subfield>
    <subfield code="c">edici&#xF3;n de Jos&#xE9; Bodas Barea y Adriana Dragoevich</subfield>
  </datafield>
  <datafield tag="260" ind1=" " ind2=" ">
    <subfield code="a">Madrid :</subfield>
    <subfield code="b">Comunica,</subfield>
    <subfield code="c">cop. 1994</subfield>
  </datafield>
  <datafield tag="300" ind1=" " ind2=" ">
    <subfield code="a">368 p. ;</subfield>
    <subfield code="c">24 cm</subfield>
  </datafield>
  <datafield tag="500" ind1=" " ind2=" ">
    <subfield code="a">Textos del congr&#xE8;s hom&#xF2;nim celebrat a Madrid, del 22 al 24 de setembre de 1993</subfield>
  </datafield>
  <datafield tag="500" ind1=" " ind2=" ">
    <subfield code="a">A la coberta: Programa Med-Media</subfield>
  </datafield>
  <datafield tag="650" ind1=" " ind2="0">
    <subfield code="a">Mitjans de comunicaci&#xF3; de massa</subfield>
    <subfield code="9">405</subfield>
    <subfield code="z">Estats &#xE0;rabs</subfield>
  </datafield>
  <datafield tag="700" ind1="1" ind2=" ">
    <subfield code="a">Bodas Barea, Jos&#xE9;</subfield>
  </datafield>
  <datafield tag="700" ind1="1" ind2=" ">
    <subfield code="a">Dragoevich, Adriana.</subfield>
  </datafield>
  <datafield tag="830" ind1=" " ind2="0">
    <subfield code="a">Poliedro (Comunica)</subfield>
  </datafield>
  <datafield tag="907" ind1=" " ind2=" ">
    <subfield code="a">.b12531716</subfield>
    <subfield code="b">28-10-20</subfield>
    <subfield code="c">07-05-08</subfield>
    <subfield code="d">19-09-94</subfield>
    <subfield code="e">m</subfield>
    <subfield code="f">a</subfield>
    <subfield code="g">-</subfield>
    <subfield code="h">spa</subfield>
    <subfield code="i">sp</subfield>
    <subfield code="j">3</subfield>
    <subfield code="k">5</subfield>
  </datafield>
  <datafield tag="908" ind1=" " ind2=" ">
    <subfield code="a">UAB</subfield>
    <subfield code="a">UPF</subfield>
    <subfield code="a">URL</subfield>
    <subfield code="a">GEPA</subfield>
  </datafield>
  <datafield tag="942" ind1=" " ind2=" ">
    <subfield code="2">udc</subfield>
    <subfield code="c">MON</subfield>
  </datafield>
  <datafield tag="952" ind1=" " ind2=" ">
    <subfield code="0">0</subfield>
    <subfield code="1">0</subfield>
    <subfield code="4">0</subfield>
    <subfield code="7">0</subfield>
    <subfield code="a">CDMR</subfield>
    <subfield code="b">CDMR</subfield>
    <subfield code="d">2023-04-19</subfield>
    <subfield code="e">Donaci&#xF3;</subfield>
    <subfield code="g">12.00</subfield>
    <subfield code="l">0</subfield>
    <subfield code="o">Ci 1/66</subfield>
    <subfield code="p">CDMR22050003</subfield>
    <subfield code="r">2023-04-19</subfield>
    <subfield code="w">2023-04-19</subfield>
    <subfield code="y">MON</subfield>
  </datafield>
</record>
